000
00296nam a2200109Ia 4500
008
200302s9999 xx 000 0 und d
100
_a
Lakshmi Suramanian
245
_a
Ports Towns Cities A Historical Tour of the Indian Littoral
260
_b
Marg Publications
260
_c
2008
300
_a
168 P.,
999
_c
5725
_d
5725